|
|
|
|
| LEADER |
00000nam a2200000 a 4500 |
| 001 |
vtls001329074 |
| 003 |
SK-MaSNL |
| 005 |
20260224021716.0 |
| 008 |
180126sm y0 xo 0 und |
| 035 |
|
|
|a SNK000281911
|
| 040 |
|
|
|a SNK
|b slo
|c SNK
|e AACR2
|
| 044 |
|
|
|a xo
|c SK
|
| 245 |
1 |
|
|a STN EN 440 Zváracie materiály
|h Drôtové elektródy a zvarový kov oblúkové zváranie taviacou sa elektródou v ochrannom plyne nelegovaných a jemnozrnných ocelí - Klasifikácia
|
| 260 |
|
|
|a Bratislava
|b Slovenský ústav technickej normalizácie
|c 1998
|
| 300 |
|
|
|a 8 s.
|
| 999 |
|
|
|c 804329
|d 806259
|
| 952 |
|
|
|t P60, <03>, [BOOK], {603}
|a SNK
|b SNK
|y PREZ
|7 0
|p 17A0134166
|o snkSTN EN 440
|i snkN 519/98
|0 0
|1 0
|4 0
|d 1998-04-24
|l 0
|r 2005-01-02 00:00:00
|w 2026-02-24
|
| 952 |
|
|
|t P60, <04>, [BOOK], {604}
|a SNK
|b SNK
|y VYP
|7 0
|p 17A0134165
|o snkSTN EN 440 D1
|i snkN 520/98
|0 0
|1 0
|4 0
|d 1998-04-24
|l 0
|r 2005-01-02 00:00:00
|w 2026-02-24
|